00975 a2200145 4500003000500000005001700005040000900022082001700031100001300048245006200061260002900123300001000152505065000162650001700812Nust20230206113617.0 cNust a954.9042,ALL aAllana.G aQuaid-e-Azam Jinnah :bThe Story of a Nation /cG. Allana aKarachibFerozsons61988 a536:p aLeft School on Marriage (Page-1), I Want to be a Barrister (Page-16), The Muslims of India a Perspective (Page-32), In Unity Lies Salvation (Page-57), I Funked Jinnah (Page-95), Swaraj Stinks in my Nostrils (Page-136), An Interlude (Page-164), Leaving Jinnah High and Dry (Page-180), Coffin Marked Three Seats (Page-201), I Like Straight Play (Page-238), There is a Third Party (Page-267), Muslims are a Nation (Page-292), You Cannot Break us (Page-323), We will Never Surrender (Page-358), No Room for Compromise (Page-394), Pakistan Zindabad (Page-423), The Birth of a Nation (Page-452), To God he Returned (Page-501), Bibliography (Page-533). aQuaid-e-Azam